01854cam a22003131 4500001001300000003000400013005001700017008004100034010001700075035001900092040005200111050002200163082002000185100005200205245015100257260005800408300006500466490005100531500007000582501062600652650002501278650002601303700004101329700003101370700003701401700004701438700003801485999001701523gs 41000004 DLC20260227111346.0780417s1940 ksuabf 000 0 eng c ags 41000004  a(OCoLC)3807370 aU. S. Geol. Survey. Library.cTxEUdOCoLCdDLC00aQE113b.A2 no. 27 a(557.81) 551.491 aMoore, Raymond C.q(Raymond Cecil),d1892-1974.10aGround-water resources of Kansas /cby Raymond C. Moore, with chapters by S. W. Lohman, J. C. Frye, H. A. Waite, T. G. McLaughlin and Bruce Latta. aTopeka, Kansas :bW. C. Austin, state printer,c1940. a112 p. :bincl. illus., plates, diagrs, fold. maps ;c23 cm.0 a(Kansas. State geological survey. Bulletin 27) aUniversity of Kansas Publications, vol. 1940 no. 2 June 25, 1940. aWith : Exploration for oil and gas in western Kansas during 1939 ..., 1940 -- Asphalt rock in eastern Kansas, 1940 -- Oil and gas in Linn County, Kansas / by John. M. Jewett, with chapters by Wallace Lee and R. P. Keroher, 1940 -- Oil and gas in Montgomery County, Kansas / by G. E. Abernathy, with chapters by R. P. Keroher and Wallace Lee, 1940 -- Coal resources of Kansas : post-Cherokee deposits, 1940 -- Subsurface Mississippian rocks of Kansas / by Wallace Lee ; with Report on fossils of Mississippian age from well cores in western Kansas, by George H. Girty, 1940. Bound together subsequent to publication.5DLC 0aGroundwaterzKansas. 0aWater-supplyzKansas.1 aLohman, Stanley William,d1907- .1 aFrye, John Chapman,d1912-1 aWaite, Herbert Ames,d1910- .1 aMcLaughlin, Thad G.q(Thad Gerald),d1913-1 aLatta, Bruce Ferrell,d1916- . c27682d27682